<?xml version="1.0" encoding="UTF-8"?>
<collection xmlns="http://www.loc.gov/MARC21/slim">
 <record>
  <leader>01718nam a2200217Ia 4500</leader>
  <controlfield tag="001">CTU_162387</controlfield>
  <controlfield tag="008">210402s9999    xx            000 0 und d</controlfield>
  <datafield tag="020" ind1=" " ind2=" ">
   <subfield code="c">24.95</subfield>
  </datafield>
  <datafield tag="082" ind1=" " ind2=" ">
   <subfield code="a">658.8</subfield>
  </datafield>
  <datafield tag="082" ind1=" " ind2=" ">
   <subfield code="b">J89</subfield>
  </datafield>
  <datafield tag="100" ind1=" " ind2=" ">
   <subfield code="a">Joyner, Amy</subfield>
  </datafield>
  <datafield tag="245" ind1=" " ind2="4">
   <subfield code="a">The ebay billionaires' club :</subfield>
  </datafield>
  <datafield tag="245" ind1=" " ind2="0">
   <subfield code="b">Exclusive secrets for building an even bigger and more profitable online business</subfield>
  </datafield>
  <datafield tag="245" ind1=" " ind2="0">
   <subfield code="c">Amy Joyner</subfield>
  </datafield>
  <datafield tag="260" ind1=" " ind2=" ">
   <subfield code="a">Hoboken, N.J.</subfield>
  </datafield>
  <datafield tag="260" ind1=" " ind2=" ">
   <subfield code="b">John Wiley &amp; Son</subfield>
  </datafield>
  <datafield tag="260" ind1=" " ind2=" ">
   <subfield code="c">2007</subfield>
  </datafield>
  <datafield tag="520" ind1=" " ind2=" ">
   <subfield code="a">IN The eBay Billionaires' Club, you will read thestories of twelve professional eBay merchants whorecognized a great business opportunity on the Internetand pursued it-some at great personal financial risk.In every case, the gamble has paid off. There are some powerful lessons to be learnedfrom these entrepreneurs, whose experiences truly runthe gamut. In the end, what they all have in common is that they started small-and some have purposely decided to stay that way. You'll quickly discover that eBay success really iswithin your reach, because every person in this bookbegan at the very bottom. What's more, a number of them have achievedincredible growth in a relatively short period of time,which should motivate you to stop thinking aboutyour idea and get started on the road to becoming amember of this elite club yourself. Get your highlighters out and fasten your seat belts for a journey that will put you on the road to building your own million-dollar-or perhaps even billion-dollar-eBay business!&quot;. From the Introduction to The eBay Billionaires' Club.</subfield>
  </datafield>
  <datafield tag="650" ind1=" " ind2=" ">
   <subfield code="a">Internet auctions,Businesspeople,Success in business</subfield>
  </datafield>
  <datafield tag="904" ind1=" " ind2=" ">
   <subfield code="i">Khiêm, Giang</subfield>
  </datafield>
  <datafield tag="980" ind1=" " ind2=" ">
   <subfield code="a">Trung tâm Học liệu Trường Đại học Cần Thơ</subfield>
  </datafield>
 </record>
</collection>
